| 000 | 01086nam a2200241 a 4500 | ||
|---|---|---|---|
| 001 | 86431 | ||
| 003 | BD-RjUL | ||
| 005 | 20260505112724.0 | ||
| 008 | 260505s2024 ii ||||| |||| 00| 0 ben d | ||
| 020 | _a9789849654996 | ||
| 035 | _a(BD-RjUL)86431 | ||
| 040 |
_aBD-RjUL _beng _cBD-RjUL |
||
| 041 | _aben | ||
| 082 |
_223 _a891.443 _bPRR 2024 |
||
| 100 |
_aপ্রজ্ঞা, যারীন গালিবা _918349 |
||
| 245 |
_aরাজকন্যা অপরাজিতা / _cমূল ভাবনা : যারীন গালিবা প্রজ্ঞা ; অনুলেখন ও অনুবাদ : আক্তারুন্নাহার রেহানা |
||
| 260 |
_aকলকাতা : _bঅভিযান, _c২০২৪ |
||
| 300 |
_a৬৪ পৃ. : _bচিত্রসমূহ; _c২৮ সেমি. |
||
| 650 |
_aবাংলা সাহিত্য _xগল্পসমূহ _918350 |
||
| 650 |
_aBengali literature _xStories _918351 |
||
| 700 |
_aরেহানা, আক্তারুন্নাহার _918352 |
||
| 942 |
_2ddc _cBK |
||
| 999 |
_c86431 _d86431 |
||